| 000 | 00882nam a2200277 a 4500 | ||
|---|---|---|---|
| 001 | 64659 | ||
| 003 | BD-RjUL | ||
| 005 | 20211209081331.0 | ||
| 008 | 170219s1984 cou b 001 0 eng d | ||
| 020 | _a0865318778 | ||
| 035 | _a(BD-RjUL)64789 | ||
| 040 |
_aLC _beng _cLC _dABN:1 _dBD-RjUL |
||
| 041 | _aeng | ||
| 082 | 0 | 4 |
_a972.081 _223 _bCAM 1984 |
| 100 | 1 |
_aCarey, James C. _q(James Charles) _9191708 |
|
| 245 | 1 | 4 |
_aThe Mexican Revolution in Yucatan, 1915-1924 / _cJames C. Carey. |
| 260 |
_aBoulder, Colo. : _bWestview Press, _cc1984. |
||
| 300 |
_axx, 251 p. ; _c23 cm. |
||
| 490 | 0 | _aA Westview replica edition | |
| 500 | _aIncludes index. | ||
| 504 | _aBibliography: p. 225-241. | ||
| 651 | 0 |
_aYucatan (Mexico : State) _xHistory. _9191709 |
|
| 651 | 0 |
_aMexico _xHistory _yRevolution, 1910-1920. _9191710 |
|
| 830 |
_aA Westview replica edition _9191712 |
||
| 942 |
_2ddc _cBK |
||
| 999 |
_c64659 _d64659 |
||